000 00302nam a22001217a 4500
008 260424b |||||||| |||| 00| 0 eng d
082 _a001074
100 _aNarayanachar, K S
245 _aRajaneeti Rahadharma
260 _aHubli
_bSahitya Prakashana
_c2013 2016
300 _a352 336 320
942 _2ddc
999 _c1312
_d1312